Microsoft front page 2000 / (Record no. 156380)

MARC details
000 -LEADER
fixed length control field 00770nam a22002657a 4500
003 - CONTROL NUMBER IDENTIFIER
control field dpl
005 - DATE AND TIME OF LATEST TRANSACTION
control field 20180827120617.0
008 - FIXED-LENGTH DATA ELEMENTS--GENERAL INFORMATION
fixed length control field 180827b xxu||||| |||| 00| 0 eng d
010 ## - LIBRARY OF CONGRESS CONTROL NUMBER
LC control number A-999465
020 ## - INTERNATIONAL STANDARD BOOK NUMBER
International Standard Book Number 8120315898
Terms of availability 150.00
035 ## - SYSTEM CONTROL NUMBER
System control number A-999465
037 ## - SOURCE OF ACQUISITION
Source of stock number/acquisition BPPD/PUB
040 ## - CATALOGING SOURCE
Transcribing agency 0
082 14 - DEWEY DECIMAL CLASSIFICATION NUMBER
Classification number 005.43
100 1# - MAIN ENTRY--PERSONAL NAME
Personal name Parker, Elisabeth
245 10 - TITLE STATEMENT
Title Microsoft front page 2000 /
Statement of responsibility, etc by Elisabeth Parker
260 ## - PUBLICATION, DISTRIBUTION, ETC. (IMPRINT)
Place of publication, distribution, etc New Delhi
Name of publisher, distributor, etc Prentice-Hall of India
Date of publication, distribution, etc 1999
270 ## - ADDRESS
Address M-97, Connaught Circus
City New Delhi
State or province Delhi
Postal code 110001
300 ## - PHYSICAL DESCRIPTION
Extent xix, 376p.
Dimensions 24 cm. (Hb)
490 1# - SERIES STATEMENT
Series statement Step by step
500 ## - GENERAL NOTE
General note Includes index.
650 #0 - SUBJECT ADDED ENTRY--TOPICAL TERM
Topical term or geographic name as entry element Database management.
650 #0 - SUBJECT ADDED ENTRY--TOPICAL TERM
Topical term or geographic name as entry element Access 2007
942 ## - ADDED ENTRY ELEMENTS (KOHA)
Institution code [OBSOLETE] dpl
Koha item type English Books
Call number prefix 005.43 / PAR
Source of classification or shelving scheme Dewey Decimal Classification
Classification part 005.43
Call number suffix PAR
Holdings
Withdrawn status Lost status Source of classification or shelving scheme Damaged status Not for loan Collection code Home library Current library Date acquired Source of acquisition Cost, normal purchase price Total Checkouts Full call number Barcode Date last seen Cost, replacement price Price effective from Koha item type
    Dewey Decimal Classification     Non-fiction Shahdara Branch Shahdara Branch 27/08/2018 BPPD/PUB 150.00   005.43 PAR A-999465 27/08/2018 150.00 27/08/2018 English Books

© Delhi Public Library
Hit Counter
free hit counter